|
|
|
|
| LEADER |
00000nam0a2200000 4500 |
| 001 |
679738 |
| 005 |
20250828151432.0 |
| 010 |
|
|
|a 978-5-466-08870-0
|
| 090 |
|
|
|a 679738
|
| 100 |
|
|
|a 20250416d2025 k||y0rusy50 ca
|
| 101 |
0 |
|
|a rus
|
| 102 |
|
|
|a RU
|
| 105 |
|
|
|a a z 001yy
|
| 181 |
|
0 |
|a i
|b e
|
| 182 |
|
0 |
|a n
|
| 183 |
|
0 |
|a nc
|2 RDAcarrier
|
| 200 |
1 |
|
|a Обращение с отходами нефтепродуктов
|e монография
|f Т. А Кулагина,Е. Н. Зайцева, В. А. Кулагин [и др.]
|
| 203 |
|
|
|a Текст
|b визуальный
|c непосредственный
|
| 210 |
|
|
|a Москва
|c Русайнс
|d 2025
|
| 215 |
|
|
|a 242 с.
|c ил.
|
| 283 |
|
|
|a volume
|2 RDAcarrier
|
| 320 |
|
|
|a Литература в конце частей
|
| 330 |
|
|
|a В монографии рассмотрены вопросы совершенствования технологий утилизации отработанных нефтепродуктов на примере индустриальных масел в условиях циркумполярных территорий. Показана перспективность кавитационной технологии утилизации отработанных индустриальных масел, позволяющая получить ряд полезных для дальнейшего использования продуктов. Получены данные для проектирования и эксплуатации технологических аппаратов интенсификации тепломассообмена и кавитационной технологии, базирующейся на термогидродинамических эффектах пузырьковой кавитации, а также проектирования технологических процессов на принципе суперкавитации. Изложены оригинальные результаты исследований по очистке грунтов на территориях от границы нефтебазы до Октябрьского моста (г. Красноярск) с возможностью использования механизма ликвидации накопленного вреда вдоль береговой линии р. Енисей
|
| 606 |
|
|
|a Нефтепродукты
|x Утилизация
|9 56240
|
| 610 |
1 |
|
|a отработанные масла
|
| 610 |
1 |
|
|a образование
|
| 610 |
1 |
|
|a рациональное использование
|
| 610 |
1 |
|
|a Арктика
|
| 610 |
1 |
|
|a окружающая среда
|
| 610 |
1 |
|
|a оценка
|
| 610 |
1 |
|
|a атмосферный воздух
|
| 610 |
1 |
|
|a водные ресурсы
|
| 610 |
1 |
|
|a состояние
|
| 610 |
1 |
|
|a отходы
|
| 610 |
1 |
|
|a РФ
|
| 610 |
1 |
|
|a арктическая зона
|
| 610 |
1 |
|
|a обводненные жидкие топлива
|
| 610 |
1 |
|
|a водотопливные смеси
|
| 610 |
1 |
|
|a горение
|
| 610 |
1 |
|
|a нефтешламы
|
| 610 |
1 |
|
|a лабораторные исследования
|
| 610 |
1 |
|
|a река Енисей
|
| 610 |
1 |
|
|a береговая полоса
|
| 610 |
1 |
|
|a гидрологические наблюдения
|
| 610 |
1 |
|
|a грунты
|
| 610 |
1 |
|
|a фильтрация
|
| 610 |
1 |
|
|a расчетные объемы
|
| 610 |
1 |
|
|a территории
|
| 610 |
1 |
|
|a обустройство
|
| 610 |
1 |
|
|a рекомендации
|
| 610 |
1 |
|
|a мероприятия
|
| 610 |
1 |
|
|a нейронные сети
|
| 610 |
1 |
|
|a машинное обучение
|
| 610 |
1 |
|
|a экология
|
| 610 |
1 |
|
|a гидрология
|
| 610 |
1 |
|
|a рациональное природопользование
|
| 610 |
1 |
|
|a гидрологические посты
|
| 610 |
1 |
|
|a речные воды
|
| 610 |
1 |
|
|a качество
|
| 610 |
1 |
|
|a прогнозирование
|
| 610 |
1 |
|
|a монографии
|
| 675 |
|
|
|a 665.71
|v 4
|
| 701 |
|
1 |
|a Кулагина
|b Т. А.
|
| 701 |
|
1 |
|a Зайцева
|b Е. Н.
|
| 701 |
|
1 |
|a Кулагин
|b В. А.
|
| 701 |
|
1 |
|a Кулагина
|b Л. В.
|
| 701 |
|
1 |
|a Дубровская
|b О. Г.
|
| 701 |
|
1 |
|a Кобилов
|b Э. Э.
|
| 801 |
|
0 |
|a RU
|b 63413507
|c 20250415
|
| 850 |
|
|
|a 63413507
|
| 942 |
|
|
|c BK
|